000 00401nam a2200145Ia 4500
008 220803s9999 xx 000 0 und d
020 _a9781859465844
041 _aeng
082 _a720 NAS
100 _aNash C
_925791
245 _aContemporary Vernacular Design : How British Housing Can Rediscover Its Soul
260 _aGreat Britain
_bRIBA Publishing
_c2016
300 _a216p
500 _aARCHI
999 _c16522
_d16522